000 01229cam a2200277 i 4500
003 SA-RiAUC
005 20250801154913.0
008 250729s1992 su g 00000 ara c
040 _aSA-RiAUC
_bara
_cSA-RiAUC
_erda
043 _aa-su---
082 0 4 _a915.3122
_qSA-RiAUC
090 _a915.3122
_b ظ ا هـ
100 1 _aالظاهري، أبو عبد الرحمن بن عقيل،
_d1357 هجري-
_eمؤلف.
245 1 2 _aالحباء من العيبة غب زيارتي لطيبة /
_cتأليف محمد بن عمر بن عبد الرحمن العقيل.
250 _aالطبعة الأولى.
264 1 _aالرياض :
_bمحمد بن عمر بن عبد الرحمن العقيل،
_c1992
300 _a88 صفحة ؛
_c22 سم
336 _aنص
_btxt
_2rdacontent
_3كتاب
337 _aبدون وسيط
_bn
_2rdamedia
338 _aمجلد
_bnc
_2rdacarrier
650 7 _aالأدب العربي
_zالسعودية
_2aucsh
651 7 _aالمدينة المنورة
_xتاريخ
_yعصر صدر الإسلام، 13 قبل الهجرة-41 هجري
_2aucsh
651 7 _aالمدينة المنورة
_xوصف ورحلات
_2aucsh
942 _2ddc
_cBOOK
_n0
949 _aSA-JeALM
_d250729
_umohamedma123
_n1
999 _c10432
_d10432